| 000 | 00594nam a22001697a 4500 | ||
|---|---|---|---|
| 005 | 20251108170910.0 | ||
| 008 | 250721s1999 xx 000 0 ara d | ||
| 082 | 1 | 4 | _a001.43/أسا |
| 100 | 1 | _aجمعة، أحمد حلمي | |
| 245 | 1 | 0 | _aأساسيات البحث العلمي في العلوم الإقتصادية و المالية و الإدارية مع عرض لبحوث متقدمة في المحاسبة / |
| 264 | 1 |
_aعمان : _bدار صفاء، _c1999. |
|
| 300 | _a277ص | ||
| 650 | 1 | 7 | _aالبحث |
| 650 | 1 | 7 | _aالبحث العلمي |
| 942 |
_2ddc _cBK |
||
| 999 |
_c51633 _d51633 |
||